| 000 | 00703nam a22002057a 4500 | ||
|---|---|---|---|
| 999 |
_c63661 _d63661 |
||
| 005 | 20240530110652.0 | ||
| 008 | 171216s2015 ua g 000 f ara d | ||
| 017 |
_a2015/7092 _bمصر. دار الكتب |
||
| 020 | _a9789774279829 | ||
| 040 |
_aEG-CaGPL _cEG-CaGPL |
||
| 082 | 0 | 4 |
_221 _a813.03\ _bع ي |
| 100 | 0 | _aعبدالجبار ناصر | |
| 245 | 1 | 2 |
_aاليهودى الاخير : _cرواية / _bعبدالجبار ناصر |
| 250 | _aط.1 | ||
| 260 |
_aالقاهرة : _bالدار المصرية اللبنانية ، _c2015 . |
||
| 300 |
_a247 ص. ؛ _c20 سم. |
||
| 650 | 0 | 7 |
_2qrmak _aالقصص العربية |
| 942 |
_2ddc _cBK |
||